Guns N' Roses My Michelle Lyrics - Statistics

General Stats
  • This quiz has been taken 223 times
  • The average score is 173 of 245
Answer Stats
Answer % Correct
I
98%
a
97%
you
96%
Michelle
95%
my
95%
in
93%
Your
93%
your
93%
we
91%
to
90%
daddy
89%
she
89%
can
88%
not
88%
now
88%
porno
88%
love
87%
and
86%
around
86%
she's
86%
used
86%
her
85%
tell
85%
works
85%
but
84%
that
84%
well
84%
free
83%
do
82%
heroin
81%
so
81%
for
80%
can't
79%
just
79%
mommy's
76%
night
75%
underground
75%
with
75%
at
74%
late
74%
with
72%
stay
71%
crazy
67%
friends
67%
drivin'
66%
insanity
66%
the
66%
life's
65%
never
62%
all
61%
this
61%
was
61%
know
59%
is
57%
out
56%
you'll
56%
Tuesday
55%
hotel
54%
Thursday
54%
true
53%
it
52%
yesterday
52%
find
51%
sleep
51%
much
50%
someone
50%
wasn't
50%
when
50%
fall
48%
maybe
48%
school
48%
you're
48%
early
47%
honey
47%
say
47%
too
47%
call
46%
someday
46%
it's
45%
key
45%
return
43%
starts
43%
then
43%
till
43%
word
43%
party
42%
stop
42%
time
42%
won't
42%
heard
41%
takes
41%
alone
40%
better
39%
connection
39%
haven't
39%
own
39%
song
39%
what
39%
everyone
38%
of
38%
i'll
37%
case
36%
cryin'
36%
get
36%
money
36%
most
35%
both
34%
burns
34%
don't
34%
needs
34%
that'll
34%
luxuries
33%
wild
32%
another's
31%
deserve
31%
oh
31%
tryin'
30%
dope
29%
clean
27%
oats
25%
discreet
24%
'cause
22%
Sowin'
20%
ya
20%
c'mon
17%
No matching quizzes found
Score Distribution
Percent of People with Each Score
Percentile by Number Answered
Your Score History
You have not taken this quiz